Dimensión histórica del Código del Trabajo.
Gardado en:
| Autor Principal: | |
|---|---|
| Formato: | Libro |
| Idioma: | Lingua castelá |
| Publicado: |
Santiago, Chile:
Ediciones Universidad del Desarrollo,
2008.
|
| Edición: | Primera edición. |
| Subjects: | |
| Tags: |
Engadir etiqueta
Sen Etiquetas, Sexa o primeiro en etiquetar este rexistro!
|
MARC
| LEADER | 00000cam a2200000 a 4500 | ||
|---|---|---|---|
| 001 | UCD6779 | ||
| 003 | CL-VaPUC | ||
| 005 | 20220822114412.0 | ||
| 008 | 170119e20080000cl |||||||||||||||||spa|d | ||
| 999 | |c 366961 |d 366959 | ||
| 020 | |a 978-956-7961-25-2 | ||
| 040 | |c Pontificia Universidad Católica de Valparaíso | ||
| 082 | 0 | 4 | |a 344.8301 THA 2008 |2 21 |
| 100 | 0 | |a Thayer Arteaga, William |e autor |9 590595 | |
| 245 | 1 | 0 | |a Dimensión histórica del Código del Trabajo. |
| 250 | |a Primera edición. | ||
| 260 | |a Santiago, Chile: |b Ediciones Universidad del Desarrollo, |c 2008. | ||
| 300 | |a 171 páginas. | ||
| 500 | |a c.2 Donación Familia Prof. Alejandro Guzmán Brito. | ||
| 583 | |a last modification |c 20170119 14:29:00 |k Rodrigo Vera | ||
| 650 | 0 | |a Derecho laboral |2 CL-VaPUC |9 15 | |
| 650 | 0 | |a Derecho laboral chileno |2 CL-VaPUC |9 476826 | |
| 650 | 0 | |a Historia del derecho |9 255109 | |
| 942 | |c BK |2 ddc |n 0 | ||
| 945 | |d 20170119 14:29:00 |a dcastane | ||
| 952 | |0 0 |1 0 |3 erb |4 0 |6 344_830100000000000_THA_2008 |7 0 |8 A |9 481634 |a BIBDER |b BIBDER |i 5360749 |o 344.8301 THA 2008 |p 5360749 |r 2023-01-25 |w 2019-11-24 |y BK |z Catalogado en:20170119 |k DER | ||
| 952 | |0 0 |1 0 |2 ddc |4 0 |6 344_830100000000000_THA_2008 |7 1 |8 C_AGB |9 580157 |a BIBDER |b BIBDER |d 2022-01-05 |e Donación |i 5635233 |o 344.8301 THA 2008 |p 5635233 |r 2023-01-25 |t 2 |w 2022-01-05 |y BK_US |k AGB | ||